Možnosti Web 2.0 technológií pri prezentácii solárnej energie

Saved in:
Bibliographic Details
Main Author: Ujmiak, Rastislav, 1990- (Author)
Other Authors: Chajdiak, Jozef, 1952- (Thesis advisor)
Format: Manuscript Book
Language:Slovak
Published: Bratislava : STU v Bratislave FEI, 2011
Subjects:
Online Access:VAIS
Tags: Add Tag
No Tags, Be the first to tag this record!

MARC

LEADER 00000ntm a22000003a 4500
001 stu231354
005 20150617230138.2
008 110713s2011----xo------------------slo-d
040 |a STU  |b slo 
041 0 |a slo 
044 |a xo 
100 1 |a Ujmiak, Rastislav,  |d 1990-  |4 aut  |u E  |T FEI Fakulta elektrotechniky a informatiky  |X 55815  |U E  |Y 30  |7 A000055815 
242 0 0 |a Possibilities of Web 2.0 technologies in presentation of solar energy  |y eng 
245 1 |a Možnosti Web 2.0 technológií pri prezentácii solárnej energie 
260 |a Bratislava :  |b STU v Bratislave FEI,  |c 2011 
300 |a 37 s 
650 7 |a Aplikovaná informatika  |2 stusub 
650 7 |a Applied Informatics  |2 estusub 
650 7 |a Web 2.0  |2 stusub 
650 7 |a Mashup  |2 stusub 
650 7 |a Adobe Flash  |2 stusub 
700 1 |a Chajdiak, Jozef,  |d 1952-  |4 ths  |u R2020  |U Ostatné univerzitné pracoviská  |T Ústav manažmentu STU  |X 54395  |U R2020  |Y 232  |7 54395 
856 4 |a info a plný text  |u http://is.stuba.sk/zp/portal_zp.pl?podrobnosti=56399  |3 VAIS 
996 |b 284ER00590  |c E*Bc-590  |l EE23  |s P  |a 0  |w stu231354_0001